000 00437nam a2200169Ia 4500
008 131103s9999 xx 000 0 und d
020 _a6478697
040 _aLoreto College
041 _aEnglish
082 _a823.91,
_bARC
245 4 _aThe prodigal daughter
_cJeffrey Archer
260 _aLondon
_bHarperCollinsPublishers
_c1997
300 _a464p, 17.5 cm.
650 _aFiction
700 _aArcher, Jeffrey, auth
942 _cBK
999 _c1912
_d52391